Welcome to CU Library Online Public Access Catalogue (OPAC)

Clinical dermatology : (Record no. 4229)

MARC details
000 -LEADER
fixed length control field 00621cam a2200205 a 4500
001 - CONTROL NUMBER
control field 4926213
005 - DATE AND TIME OF LATEST TRANSACTION
control field 20250223190044.0
008 - FIXED-LENGTH DATA ELEMENTS--GENERAL INFORMATION
fixed length control field 950808s1996 moua b 001 0 eng c
020 ## - INTERNATIONAL STANDARD BOOK NUMBER
International Standard Book Number 9780815142423
050 00 - LIBRARY OF CONGRESS CALL NUMBER
Classification number RL81
Item number .H3 1996
082 00 - DEWEY DECIMAL CLASSIFICATION NUMBER
Classification number 616.5/0022/2
Edition information 20
100 1# - MAIN ENTRY--PERSONAL NAME
Personal name Habif, Thomas P.
245 10 - TITLE STATEMENT
Title Clinical dermatology :
Remainder of title a color guide to diagnosis and therapy /
Statement of responsibility, etc. Thomas P. Habif.
250 ## - EDITION STATEMENT
Edition statement 3rd ed.
260 ## - PUBLICATION, DISTRIBUTION, ETC.
Place of publication, distribution, etc. St. Louis :
Name of publisher, distributor, etc. Mosby,
Date of publication, distribution, etc. c1996.
300 ## - PHYSICAL DESCRIPTION
Extent xii, 898 p. :
Other physical details ill. (some col.) ;
Dimensions 29 cm.
650 #0 - SUBJECT ADDED ENTRY--TOPICAL TERM
Topical term or geographic name entry element Dermatology
General subdivision Atlases.
650 12 - SUBJECT ADDED ENTRY--TOPICAL TERM
Topical term or geographic name entry element Skin Diseases
General subdivision atlases.
942 ## - ADDED ENTRY ELEMENTS (KOHA)
Source of classification or shelving scheme Library of Congress Classification
Koha item type Books
Edition 3rd ed.
Suppress in OPAC No
999 ## -
-- 4229
-- 4229
Holdings
Withdrawn status Lost status Source of classification or shelving scheme Damaged status Not for loan Collection Home library Current library Shelving location Date acquired Total checkouts Full call number Barcode Date last seen Copy number Price effective from Koha item type
    Library of Congress Classification     Non-fiction Science Library (Miotso) Science Library (Miotso) General stacks 02/23/2025   RL81 .H3 HAB SLM00003917 02/23/2025 1 02/23/2025 Books
© 2023-2024 Copyright: Central University Libraries. All Rights Reserved | Created by: Mahone Tech Office